00530nam a2200193 a 4500001001300000003000900013005001700022008004100039020002300080082001500103100001700118245005400135260004300189300000900232500003500241505001700276650002600293700001700319nice12345678IN_TiNIC20260116014103.0090129s2007 oxfa grp 000 0 eng  a9781851684632c29500a305.3bWAD aWadud, Amina aInside the Gender Jihadb Women`s Reform in Islam aOxford bOne World Publications c2007 a286p aincludes index and biblioraphy2 anotes, index aGender Discrimination1 aWadud, Amina